000 00421nmm a2200157Ia 4500
008 251105s9999||||xx |||||||||||||||||und||
020 _a9789706436993
041 _aspa
100 _aKafka, Franz
245 0 _aLa metamorfosis
264 _a[Bogotá, Colombia] :
_bOveja Negra,
_c2003
300 _a64 páginas
650 _aOther narratives
856 _uhttps://public.digitaliapublishing.com/a/63912
942 _cCF
999 _c97155
_d97155